| 000 | 00374nam a2200157Ia 4500 | ||
|---|---|---|---|
| 008 | 230312s9999||||xx |||||||||||||| ||und|| | ||
| 020 | _a1-84112-612-8 | ||
| 082 |
_a658.85 _bTIM-C |
||
| 100 | _aTimperley;John | ||
| 245 | 0 | _aConnective Selling | |
| 260 |
_bCapstone _aUK _c2004 |
||
| 300 | _a195 | ||
| 546 | _aEng. | ||
| 650 |
_aManagement _vConnective Selling |
||
| 942 | _cBK | ||
| 999 |
_c6974 _d6974 |
||